ბათუმის შოთა რუსთაველის სახელმწიფო უნივერსიტეტის ბიბლიოთეკა

Хрестоматия по истории Древнего мира / (ბიბ.ჩანაწერი № 61022)

000 -LEADER
fixed length control field 00781nam a22001937a 4500
005 - DATE AND TIME OF LATEST TRANSACTION
control field 20231207123254.0
008 - FIXED-LENGTH DATA ELEMENTS--GENERAL INFORMATION
fixed length control field 231207s1975 ru ||||| |||| 00| 0 rus d
041 ## - LANGUAGE CODE
Language code of text/sound track or separate title rus
080 ## - UNIVERSAL DECIMAL CLASSIFICATION NUMBER
Universal Decimal Classification number 94(3) K-84
100 ## - MAIN ENTRY--PERSONAL NAME
Personal name Крушкол Ю.С.
9 (RLIN) 20619
245 ## - TITLE STATEMENT
Title Хрестоматия по истории Древнего мира /
Statement of responsibility, etc. Ю.С. Крушкол, Н.Ф. Мурыгина, Е.А. Черкасова.
264 ## - PRODUCTION, PUBLICATION, DISTRIBUTION, MANUFACTURE, AND COPYRIGHT NOTICE
Place of production, publication, distribution, manufacture М.:
Name of producer, publisher, distributor, manufacturer Просвещение,
Date of production, publication, distribution, manufacture, or copyright notice 1975.
300 ## - PHYSICAL DESCRIPTION
Extent 271 с.;
Other physical details 23 см.
653 ## - INDEX TERM--UNCONTROLLED
keyword ანტიკური სამყარო
653 ## - INDEX TERM--UNCONTROLLED
keyword ისტორია
700 ## - ADDED ENTRY--PERSONAL NAME
Personal name Мурыгина, Н.Ф.
Relator term შემდგენელი
9 (RLIN) 20620
700 ## - ADDED ENTRY--PERSONAL NAME
Personal name Черкасова, Е.А.
Relator term შემდგენელი
9 (RLIN) 20621
942 ## - ADDED ENTRY ELEMENTS (KOHA)
Source of classification or shelving scheme
Koha item type წიგნი
ეგზემპლარები
Withdrawn status Lost status Source of classification or shelving scheme Damaged status Not for loan Permanent Location Current Location Shelving location Date acquired Cost, normal purchase price Full call number Barcode Date last seen Copy number Uniform Resource Identifier Price effective from Koha item type Public note
          ბათუმის შოთა რუსთაველის სახელმწიფო უნივერსიტეტის მთავარი ბიბლიოთეკა ბათუმის შოთა რუსთაველის სახელმწიფო უნივერსიტეტის მთავარი ბიბლიოთეკა წიგნსაცავი 2023-12-07 5.00 94(3) K-84 65552 2023-12-07 65552 ბსუ-ს საპატიო დოქტორის გურამ ლორთქიფანიძის საჩუქარი 2023-12-07 წიგნი 5 ლ.